000 00471nmm a2200181Ia 4500
008 251105s9999||||xx |||||||||||||||||und||
041 _aspa
100 _aJones, Julie
245 0 _aTerraza con vista panorámica
264 _a[Madrid, España] :
_bSaga Egmont,
_c2019
300 _a19 páginas
490 _aLUST
650 _aErotic novel
700 _aJones, Julie
700 1 _a Lust
856 _uhttps://public.digitaliapublishing.com/a/99058
942 _cCF
999 _c67294
_d67294